000 00521nam a22001937a 4500
003 MPLRDC
005 20220104192625.0
008 210129b ||||| |||| 00| 0 eng d
020 _a978-957-32-7175-8
082 _a861.6 GJLY
100 _a関家良一
245 _a跑步胜者的100天修炼
_c李佳霖 译
250 _a初版
260 _a台湾
_b远流出版事业股份有限公司
_c2013
300 _b
490 _a运动馆: 04
650 _a日本现代文学: 散文
942 _cBK
_o861.6 GJLY
999 _c64800
_d64790